| 000 | 00506cam a2200205 4500 | ||
|---|---|---|---|
| 001 | sa 68014302 | ||
| 003 | DLC | ||
| 005 | 20260227112630.0 | ||
| 008 | 700217s1968 ii 000 0 eng | ||
| 010 | _asa 68014302 | ||
| 025 | _aPL480:I-E-10627 | ||
| 040 |
_aDLC _cDLC _dDLC |
||
| 050 | 0 | 0 |
_aTX724.5.I4 _bN6 |
| 082 | 0 | 0 | _a641.5954 |
| 245 | 0 | 0 | _aNon-vegetarian cookery. |
| 260 |
_a[Madras] _bHigginbothams _c[1968] |
||
| 300 |
_avi, 167 p. _c13 x 19 cm. |
||
| 350 | _a4.00 | ||
| 650 | 0 | _aCooking, Indic. | |
| 999 |
_c85677 _d85677 |
||